Essentials of marketing : (Record no. 5628)
[ view plain ]
| 000 -LEADER | |
|---|---|
| fixed length control field | 00737cam a2200229 a 4500 |
| 001 - CONTROL NUMBER | |
| control field | 4945052 |
| 005 - DATE AND TIME OF LATEST TRANSACTION | |
| control field | 20250502171230.0 |
| 008 - FIXED-LENGTH DATA ELEMENTS--GENERAL INFORMATION | |
| fixed length control field | 960715s1997 iluab b 001 0 eng |
| 020 ## - INTERNATIONAL STANDARD BOOK NUMBER | |
| International Standard Book Number | 0256183414 |
| 050 00 - LIBRARY OF CONGRESS CALL NUMBER | |
| Classification number | HF5415 |
| Item number | .M378 1997 |
| 082 00 - DEWEY DECIMAL CLASSIFICATION NUMBER | |
| Classification number | 658.8 |
| Edition information | 20 |
| 100 1# - MAIN ENTRY--PERSONAL NAME | |
| Personal name | Perreault, William D. |
| 245 10 - TITLE STATEMENT | |
| Title | Essentials of marketing : |
| Remainder of title | a global-managerial approach / |
| Statement of responsibility, etc. | William D. Perreault, Jr., E. Jerome McCarthy. |
| 250 ## - EDITION STATEMENT | |
| Edition statement | 7th ed. |
| 260 ## - PUBLICATION, DISTRIBUTION, ETC. | |
| Place of publication, distribution, etc. | Chicago : |
| Name of publisher, distributor, etc. | Irwin, |
| Date of publication, distribution, etc. | c1997. |
| 300 ## - PHYSICAL DESCRIPTION | |
| Extent | xxvi, 613 p. : |
| Other physical details | col. ill., map ; |
| Dimensions | 26 cm. |
| 440 #0 - SERIES STATEMENT/ADDED ENTRY--TITLE | |
| Title | Irwin series in marketing |
| 500 ## - GENERAL NOTE | |
| General note | McCarthy's name appears first in previous ed. |
| 650 #0 - SUBJECT ADDED ENTRY--TOPICAL TERM | |
| Topical term or geographic name entry element | Marketing. |
| 700 1# - ADDED ENTRY--PERSONAL NAME | |
| Personal name | McCarthy, E. Jerome |
| Fuller form of name | (Edmund Jerome) |
| 942 ## - ADDED ENTRY ELEMENTS (KOHA) | |
| Source of classification or shelving scheme | Library of Congress Classification |
| Koha item type | Books |
| Suppress in OPAC | No |
| 999 ## - | |
| -- | 5628 |
| -- | 5628 |
| Withdrawn status | Lost status | Source of classification or shelving scheme | Damaged status | Not for loan | Collection | Home library | Current library | Shelving location | Date acquired | Total checkouts | Full call number | Barcode | Date last seen | Copy number | Price effective from | Koha item type |
|---|---|---|---|---|---|---|---|---|---|---|---|---|---|---|---|---|
| Library of Congress Classification | Non-fiction | Undergraduate Library (Christ Temple) | Undergraduate Library (Christ Temple) | General stacks | 05/02/2025 | HF5415 MCC | ulct00002209 | 05/02/2025 | 1 | 05/02/2025 | Books |